Programmes, jeux et réseaux de transport /
Guardado en:
| Autor Principal: | |
|---|---|
| Otros Autores: | |
| Formato: | Libro |
| Idioma: | French |
| Publicado: |
Paris :
Dunod,
1962.
|
| Etiquetas: |
Agregar Etiqueta
Sin Etiquetas, Sea el primero en etiquetar este registro!
|
| LEADER | 00530nam a22001695a 4500 | ||
|---|---|---|---|
| 001 | MAT.inmabb001331 | ||
| 008 | 031122s1962####fr############000#0#fre#d | ||
| 005 | 20130304143330.0 | ||
| 245 | 1 | 0 | |a Programmes, jeux et réseaux de transport / |c par C. Berge, A. Ghouila-Houri. |
| 260 | |a Paris : |b Dunod, |c 1962. | ||
| 300 | |a viii, 254 p. ; |c 25 cm. | ||
| 510 | 4 | |a MR, |c 33 #1137 | |
| 100 | 1 | |a Berge, Claude. | |
| 700 | 1 | |a Ghouila-Houri, A. |q (Alain) | |
| 084 | |a 90C25 (90C08) |2 msc2000 | ||
| 010 | |a 63043304 | ||
| 859 | |h 90 |i B495 |p A-1586 |b BIB. MATEMATICA | ||
